Egyéni csúcsokat hozott a változatosság Protič Krisztina csak amerikai edzője beleegyezésével versenyezhet, ...

Bibliographic Details
Main Authors: Mészáros, Károly J., 1955- (ain), Guttmann, Krisztina (Author, uin)
Format: Article
Language:Hungarian
PhysicalDescription:Fotogr.
Subjects:

MARC

LEADER 00000nab a2200000 a 4500
001 vtls000844414
003 SK-MaSNL
005 20260319075259.0
008 160405c2003 xo 0 hun
015 |a SNBRB2003/09-23877 
035 |a CLN000196069 
040 |a SNKBUCL  |b slo  |c SNKBUCL  |e AACR2 
041 0 |a hun 
044 |a xo  |c SK 
080 |a 796.422.14.071  |2 1997 
100 1 |a Mészáros, Károly J.,  |d 1955-  |4 ain  |9 103301 
245 1 0 |a Egyéni csúcsokat hozott a változatosság  |b Protič Krisztina csak amerikai edzője beleegyezésével versenyezhet, ...  |c [beszélgetett] J. Mészáros Károly 
300 |b Fotogr. 
600 1 7 |a Guttmann, Krisztina  |2 snkbucl  |9 24963 
655 7 |a články z novín a časopisov  |2 snkbucl  |9 267496 
700 1 |a Guttmann, Krisztina  |4 aut  |4 uin  |9 24963 
773 0 |t Új Szó  |g Roč. 56, č. 157 (10.7.2003), s. 13 
850 |a Slovenská národná knižnica v Martine 
852 |a SNK  |b KIS3GCP 
958 |a HU 
958 |a SK 
958 |a US 
958 |a RBX 
999 |c 1385950  |d 1387880